Plants that belong to daisy family (Asteraceae) - sudden death - Statistics

General Stats
  • This quiz has been taken 37 times
  • The average score is 9 of 17
Answers on the Grid
Answers color-coded by a green-red scale on the quiz's grid according to % correct below.
Lettuce
Kale
Edelweiss
Common daisy
Broccoli
Burdock
Common marigold
Yarrow
Coriander
Sunflower
Jerusalem sunflower
Petunia
Gerbera
Geranium
Purple salsify
Anise
Artichoke
Dahlia
Freesia
Tansy
Common chicory
Cabbage
Sugarbeet
Chrysanthemum
Thyme
Zinnia
Spinach
Endive
 
Answer Stats
Answer % Correct
Common daisy
91%
Common marigold
73%
Sunflower
73%
Jerusalem sunflower
64%
Chrysanthemum
55%
Gerbera
55%
Dahlia
50%
Tansy
50%
Yarrow
50%
Zinnia
45%
Common chicory
41%
Edelweiss
41%
Burdock
36%
Lettuce
36%
Artichoke
32%
Endive
32%
Purple salsify
27%
No matching quizzes found
Score Distribution
Percent of People with Each Score
Percentile by Number Answered
Your Score History
You have not taken this quiz